| 000 | 00616nam a2200181Ia 4500 | ||
|---|---|---|---|
| 005 | 20210907074028.0 | ||
| 008 | 130821s1934 ck gr spa | ||
| 040 |
_aCo-BoUCM _bspa _cSandra Yazo (modificó) _dSandra Yazo (modificó) |
||
| 041 | _aspa | ||
| 082 | 0 | 4 |
_a321.6 _220 |
| 100 |
_aForero Franco, Guillermo _9105503 |
||
| 245 |
_aEntre dos dictaduras _cGuillermo Forero Franco. |
||
| 260 |
_aBogotá (Colombia) _bEl Grafico _c1934 |
||
| 300 | _a266 páginas | ||
| 650 | 0 | 4 |
_aCiencia política _9340 |
| 651 |
_aPerú _xHistoria política _926683 |
||
| 942 |
_cLIBRO _a6 _e1 _mF67 _2DEWEY _h321.6 _n0 |
||
| 999 |
_c11755 _d11755 |
||